Program motivasi : Kemahiran belajar bagi merealisasikan pembentukan kecemerlangan diri

Bibliographic Details
Corporate Author: Institut Penilaian Negara
Format: Book
Published: Bangi : Institut Penilaian Negara , 2008

MARC

LEADER 00000cam a2200000 7i4500
001 0000022180
005 20090107.0
040 |a INS 
090 0 0 |a VCD 1488 
245 0 0 |a Program motivasi :   |b Kemahiran belajar bagi merealisasikan pembentukan kecemerlangan diri   |c oleh Dato' Dr. Haji Mohd. Fadzilah Kamsah [  |h cakera video] 
260 |a Bangi :   |b Institut Penilaian Negara ,   |c 2008 
300 |a 4 video disc ( 240 min.) :   |b col. snd. ;   |c 4 3/4 in. 
710 1 |a Institut Penilaian Negara 
999 |a VCD0001487   |b VIDEO CD   |c Media Collection   |e Default branch 
999 |a VCD0001488   |b VIDEO CD   |c Media Collection   |e Default branch